FIFA 23 Level Up - Statistics

General Stats
  • This quiz has been taken 18 times
    15 since last reset
  • The average score is 9 of 16
Answer Stats
rat pos club Answer % Correct
Level Up Team 1 98(99) CM Manchester City Kevin De Bruyne
100%
Level Up Team 1 93(95) LB Bayern Munich Alphonso Davies
79%
Level Up Team 1 93(95) ST Juventus Dušan Vlahović
79%
Level Up Team 1 93(96) ST RB Leipzig Timo Werner
79%
Level Up Team 1 92(95) CM Chelsea Enzo Fernández
64%
Level Up Team 1 OBJ 94(96) CM Inter Milan Hakan Çalhanoğlu
57%
Level Up Team 1 92(93) CAM Real Betis Nabil Fekir
57%
Level Up Team 1 90(93) CB Eintracht Frankfurt Willian Pacho
57%
Level Up Team 1 94(96) ST Valencia Edinson Cavani
50%
Level Up Team 1 92(94) RW Sevilla Jesús Corona
50%
Level Up Team 1 SBC 92(95) RW Chelsea Raheem Sterling
50%
Level Up Team 1 91(93) RB Villarreal Juan Foyth
43%
Level Up Team 1 93(94) CM Paris Saint-Germain Renato Sanches
43%
Flashback SBC 94 ST Chelsea Pierre-Emerick Aubameyang
36%
Level Up Team 1 SBC 92(94) CAM Montpellier Téji Savanier
36%
Level Up Team 1 SBC 91(93) RB SC Freiburg Kiliann Sildillia
29%
No matching quizzes found
Score Distribution
Percent of People with Each Score
Percentile by Number Answered
Your Score History
You have not taken this quiz since the last reset